Việt Nam định hướng xã hội chủ nghĩa trong thế giới toàn cầu hóa

Αποθηκεύτηκε σε:
Λεπτομέρειες βιβλιογραφικής εγγραφής
Κύριος συγγραφέας: Nguyên Nguyên
Μορφή: Βιβλίο
Γλώσσα:Undetermined
Έκδοση: Tp. HCM Trẻ 2001
Θέματα:
Ετικέτες: Προσθήκη ετικέτας
Δεν υπάρχουν, Καταχωρήστε ετικέτα πρώτοι!
Thư viện lưu trữ: Trung tâm Học liệu Trường Đại học Cần Thơ
LEADER 00659nam a2200193Ia 4500
001 CTU_41816
008 210402s9999 xx 000 0 und d
020 |b 43.500đ 
082 |a 330.9597 
082 |b Ng527 
100 |a Nguyên Nguyên 
245 0 |a Việt Nam định hướng xã hội chủ nghĩa trong thế giới toàn cầu hóa 
245 0 |c Nguyên Nguyên 
260 |a Tp. HCM 
260 |b Trẻ 
260 |c 2001 
650 |a development countries - economic conditions,international economic relations,vietnam - economic policy 
904 |i Minh, 010614 
980 |a Trung tâm Học liệu Trường Đại học Cần Thơ